000 00367nam a2200133Ia 4500
008 151001s9999||||xx |||||||||||||| ||und||
100 _aमधुसूदन कालेलकर
245 _aहे फुल चंदनाचे
250 _a1
260 _bलळीत प्रकाशन पुणे
260 _c1967
300 _a113
365 _b7
999 _c954618
_d954615